LIBRARY & INFORMATION CENTRE, KCAET, TAVANUR

ONLINE PUBLIC ACCESS CATALOGUE (OPAC)

Madame Bovary / (Record no. 1223)

MARC details
000 -LEADER
fixed length control field 00366cam a2200145ua 4500
041 ## - LANGUAGE CODE
Language code of text/sound track or separate title mal
082 ## - DEWEY DECIMAL CLASSIFICATION NUMBER
Classification number 894.812308
Item number FLA/MA
100 ## - MAIN ENTRY--AUTHOR NAME
Personal name Flaubert, Gustave .
245 ## - TITLE STATEMENT
Title Madame Bovary /
260 ## - PUBLICATION, DISTRIBUTION, ETC. (IMPRINT)
Place of publication Champakkulam :
Name of publisher B.K.M. Book depot ,
Year of publication 1958.
300 ## - PHYSICAL DESCRIPTION
Number of Pages 790 ; .
942 ## - ADDED ENTRY ELEMENTS (KOHA)
Koha item type Books
Holdings
Withdrawn status Lost status Damaged status Home library Current library Date acquired Cost, normal purchase price Full call number Accession Number Koha item type
Withdrawn     KAUAET KAUAET 07/04/2012 10.00 894.812308 1528 Books
free website counter